[Event "POL-ch Women MOKATE 2020"]
[Site "Ostrow Wielkopolski"]
[Date "2020.08.11"]
[Round "8.5"]
[White "Zawadzka, Jolanta"]
[Black "Cyfka, Karina"]
[Result "0-1"]
[WhiteElo "2419"]
[BlackElo "2411"]
[Annotator "ChessBase"]
[PlyCount "100"]
[EventDate "2020.08.04"]
[EventType "tourn"]
[EventCountry "POL"]
[SourceTitle "playchess.com"]
[Source "ChessBase"]
[SourceQuality "1"]
[TimeControl "40/5400+30:1800+30"]

1. e4 {[%emt 0:00:00]} e5 {[%emt 0:00:00]} 2. Nf3 {[%emt 0:00:00]} Nc6 {[%emt 0:00:00]} 3. d4 {[%emt 0:00:00]} exd4 {[%emt 0:00:00]} 4. Bc4 {[%emt 0:00:00]} Nf6 {[%emt 0:00:11]} 5. e5 {[%emt 0:00:07]} d5 {[%emt 0:00:14]} 6. Bb5 {[%emt 0:00:08]} Ne4 {[%emt 0:00:05]} 7. Nxd4 {[%emt 0:00:07]} Bd7 {[%emt 0:00:06]} 8. Bxc6 {[%emt 0:00:10]} bxc6 {[%emt 0:00:05]} 9. O-O {[%emt 0:00:14]} Be7 {[%emt 0:00:06]} 10. f3 {[%emt 0:04:05]} Nc5 {[%emt 0:01:03]} 11. Be3 {[%emt 0:05:42]} O-O {[%emt 0:19:08]} 12. Nb3 {[%emt 0:09:17]} Na4 {[%emt 0:12:29]} 13. Qd4 {[%emt 0:12:21]} Nb6 {[%emt 0:00:52]} 14. N1d2 {[%emt 0:02:25]} f6 {[%emt 0:00:35]} 15. f4 {[%emt 0:01:31]} Qe8 {[%emt 0:05:40]} 16. Rae1 {[%emt 0:10:56]} fxe5 {[%emt 0:04:09]} 17. fxe5 {[%emt 0:00:15]} Qg6 {[%emt 0:01:23]} 18. c3 {[%emt 0:11:42]} Bh3 {[%emt 0:08:13]} 19. Re2 {[%emt 0:02:22]} Rxf1+ {[%emt 0:00:57]} 20. Nxf1 {[%emt 0:00:20]} Nc4 {[%emt 0:02:47]} 21. Bf4 {[%emt 0:02:36]} a5 {[%emt 0:07:11]} 22. Bg3 {[%emt 0:03:28]} Bf5 {[%emt 0:01:41]} 23. Nc5 {[%emt 0:07:45]} Qg4 {[%emt 0:13:25]} 24. Rf2 {[%emt 0:02:30]} Qxd4 {[%emt 0:01:03]} 25. cxd4 {[%emt 0:00:02]} Bxc5 {[%emt 0:02:36]} 26. dxc5 {[%emt 0:00:05]} Be6 {[%emt 0:01:26]} 27. b3 {[%emt 0:00:54]} Na3 {[%emt 0:00:05]} 28. Rf4 {[%emt 0:01:44]} Nb5 {[%emt 0:00:49]} 29. Be1 {[%emt 0:01:02]} d4 {[%emt 0:00:52]} 30. Bf2 {[%emt 0:10:18]} a4 {[%emt 0:00:25]} 31. h4 {[%emt 0:02:24]} Bxb3 {[%emt 0:03:34]} 32. a3 {[%emt 0:02:40]} d3 {[%emt 0:04:28]} 33. Nd2 {[%emt 0:01:56]} Nxa3 {[%emt 0:00:26]} 34. Rd4 {[%emt 0:00:06]} Bc2 {[%emt 0:00:59]} 35. e6 {[%emt 0:01:32]} Nb5 {[%emt 0:03:29]} 36. Rd7 {[%emt 0:00:08]} Re8 {[%emt 0:00:10]} 37. Nf3 {[%emt 0:03:18]} h6 {[%emt 0:07:06]} 38. Bg3 {[%emt 0:00:30]} Rxe6 {[%emt 0:00:15]} 39. Be5 {[%emt 0:00:18]} a3 {[%emt 0:00:41]} 40. Bxg7 {[%emt 0:00:00]} a2 {[%emt 0:00:00]} 41. Ba1 {[%emt 0:08:28]} Kf8 {[%emt 0:03:10]} 42. Kf1 {[%emt 0:12:23]} Ke8 {[%emt 0:07:05]} 43. Rh7 {[%emt 0:00:14]} d2 {[%emt 0:01:19]} 44. Rh8+ {[%emt 0:00:18]} Kd7 {[%emt 0:00:47]} 45. Nxd2 {[%emt 0:01:21]} Bd3+ {[%emt 0:00:04]} 46. Kf2 {[%emt 0:01:00]} Re2+ {[%emt 0:00:05]} 47. Kf3 {[%emt 0:00:04]} Rxd2 {[%emt 0:00:04]} 48. Rxh6 {[%emt 0:00:31]} Rd1 {[%emt 0:01:14]} 49. Bh8 {[%emt 0:00:43]} Bc4 {[%emt 0:00:52]} 50. Ke3 {[%emt 0:00:52]} Rd3+ {[%emt 0:00:51]} 0-1

[Event "POL-ch Women MOKATE 2020"]
[Site "Ostrow Wielkopolski"]
[Date "2020.08.12"]
[Round "9.1"]
[White "Cyfka, Karina"]
[Black "Kucharska, Honorata"]
[Result "1/2-1/2"]
[WhiteElo "2411"]
[BlackElo "2159"]
[Annotator "ChessBase"]
[PlyCount "67"]
[EventDate "2020.08.04"]
[EventType "tourn"]
[EventCountry "POL"]
[SourceTitle "playchess.com"]
[Source "ChessBase"]
[SourceQuality "1"]
[TimeControl "40/5400+30:1800+30"]

1. d4 {[%emt 0:00:00]} Nf6 {[%emt 0:00:00]} 2. Nc3 {[%emt 0:00:00]} d5 {[%emt 0:00:18]} 3. Bf4 {[%emt 0:00:00]} e6 {[%emt 0:00:24]} 4. e3 {[%emt 0:00:55]} Bb4 {[%emt 0:01:40]} 5. Bd3 {[%emt 0:09:07]} c5 {[%emt 0:04:29]} 6. dxc5 {[%emt 0:02:26]} Bxc5 {[%emt 0:01:14]} 7. Nb5 {[%emt 0:02:31]} Na6 {[%emt 0:00:05]} 8. c3 {[%emt 0:01:34]} O-O {[%emt 0:03:34]} 9. Nf3 {[%emt 0:01:20]} Bd7 {[%emt 0:04:43]} 10. a4 {[%emt 0:00:42]} Be7 {[%emt 0:04:14]} 11. b4 {[%emt 0:11:50]} Bxb5 {[%emt 0:02:33]} 12. axb5 {[%emt 0:01:25]} Nb8 {[%emt 0:02:42]} 13. Qc2 {[%emt 0:10:38]} Nbd7 {[%emt 0:06:06]} 14. O-O {[%emt 0:00:43]} h6 {[%emt 0:04:36]} 15. h3 {[%emt 0:00:22]} Nb6 {[%emt 0:03:33]} 16. Rfd1 {[%emt 0:07:24]} Bd6 {[%emt 0:07:07]} 17. c4 {[%emt 0:14:33]} Bxf4 {[%emt 0:14:09]} 18. exf4 {[%emt 0:00:06]} Nxc4 {[%emt 0:04:43]} 19. Bxc4 {[%emt 0:00:10]} Rc8 {[%emt 0:00:01]} 20. Ne5 {[%emt 0:07:00]} Qb6 {[%emt 0:03:29]} 21. Qa2 {[%emt 0:00:21]} dxc4 {[%emt 0:04:37]} 22. Nxc4 {[%emt 0:00:21]} Qc7 {[%emt 0:00:26]} 23. Ne5 {[%emt 0:02:37]} Nd5 {[%emt 0:06:22]} 24. Qxa7 {[%emt 0:03:26]} Nxf4 {[%emt 0:01:12]} 25. Nd7 {[%emt 0:04:15]} Rfd8 {[%emt 0:02:30]} 26. Nc5 {[%emt 0:01:01]} Ne2+ {[%emt 0:04:26]} 27. Kh1 {[%emt 0:01:15]} Rxd1+ {[%emt 0:02:43]} 28. Rxd1 {[%emt 0:00:02]} Rd8 {[%emt 0:00:23]} 29. Qa1 {[%emt 0:06:14]} b6 {[%emt 0:02:40]} 30. Ne4 {[%emt 0:03:14]} Rxd1+ {[%emt 0:01:59]} 31. Qxd1 {[%emt 0:00:26]} Qc4 {[%emt 0:01:15]} 32. Nd6 {[%emt 0:03:06]} Qxb4 {[%emt 0:00:16]} 33. Nxf7 {[%emt 0:00:53]} Ng3+ {[%emt 0:00:23]} 34. fxg3 {[%emt 0:00:43]} 1/2-1/2

[Event "POL-ch Women MOKATE 2020"]
[Site "Ostrow Wielkopolski"]
[Date "2020.08.12"]
[Round "9.2"]
[White "Kubicka, Anna"]
[Black "Zawadzka, Jolanta"]
[Result "1/2-1/2"]
[WhiteElo "2259"]
[BlackElo "2419"]
[Annotator "ChessBase"]
[PlyCount "71"]
[EventDate "2020.08.04"]
[EventType "tourn"]
[EventCountry "POL"]
[SourceTitle "playchess.com"]
[Source "ChessBase"]
[SourceQuality "1"]
[TimeControl "40/5400+30:1800+30"]

1. e4 {[%emt 0:00:00]} c5 {[%emt 0:00:00]} 2. Ne2 {[%emt 0:00:00]} Nf6 {[%emt 0:00:02]} 3. Nbc3 {[%emt 0:00:11]} d5 {[%emt 0:00:21]} 4. exd5 {[%emt 0:00:12]} Nxd5 {[%emt 0:00:06]} 5. Nxd5 {[%emt 0:01:03]} Qxd5 {[%emt 0:00:07]} 6. Nc3 {[%emt 0:00:18]} Qd8 {[%emt 0:00:48]} 7. g3 {[%emt 0:01:18]} h5 {[%emt 0:02:15]} 8. d3 {[%emt 0:02:34]} Bg4 {[%emt 0:04:47]} 9. Be2 {[%emt 0:00:25]} Qd7 {[%emt 0:01:41]} 10. Be3 {[%emt 0:01:20]} e5 {[%emt 0:16:38]} 11. Qd2 {[%emt 0:02:10]} Nc6 {[%emt 0:00:25]} 12. f4 {[%emt 0:30:42]} exf4 {[%emt 0:09:13]} 13. Bxf4 {[%emt 0:00:13]} Nd4 {[%emt 0:01:28]} 14. O-O-O {[%emt 0:05:39]} Nxe2+ {[%emt 0:01:39]} 15. Nxe2 {[%emt 0:00:07]} O-O-O {[%emt 0:04:15]} 16. Rde1 {[%emt 0:02:08]} h4 {[%emt 0:03:44]} 17. Nc3 {[%emt 0:03:56]} f6 {[%emt 0:02:43]} 18. gxh4 {[%emt 0:03:31]} Rxh4 {[%emt 0:10:28]} 19. Bg3 {[%emt 0:01:44]} Rh7 {[%emt 0:01:49]} 20. Ne4 {[%emt 0:02:49]} f5 {[%emt 0:07:20]} 21. Qf4 {[%emt 0:12:05]} Qc6 {[%emt 0:00:59]} 22. Ng5 {[%emt 0:05:20]} Bd6 {[%emt 0:02:40]} 23. Qe3 {[%emt 0:02:02]} Bxg3 {[%emt 0:01:54]} 24. Qxg3 {[%emt 0:00:38]} Rh5 {[%emt 0:01:45]} 25. Nf7 {[%emt 0:05:40]} Rf8 {[%emt 0:02:36]} 26. Nd6+ {[%emt 0:01:37]} Kd7 {[%emt 0:01:50]} 27. Nc4 {[%emt 0:01:26]} Kc8 {[%emt 0:01:14]} 28. Qe5 {[%emt 0:03:52]} Rd8 {[%emt 0:02:08]} 29. Rhg1 {[%emt 0:01:35]} g6 {[%emt 0:01:21]} 30. Qe7 {[%emt 0:01:16]} Qc7 {[%emt 0:03:53]} 31. Qf6 {[%emt 0:03:51]} Rxh2 {[%emt 0:01:21]} 32. Re7 {[%emt 0:02:37]} Qc6 {[%emt 0:06:58]} 33. Re6 {[%emt 0:01:27]} Qc7 {[%emt 0:00:49]} 34. Re7 {[%emt 0:00:58]} Qc6 {[%emt 0:00:08]} 35. Re6 {[%emt 0:00:02]} Qc7 {[%emt 0:02:05]} 36. Re7 {[%emt 0:00:03]} 1/2-1/2

[Event "POL-ch Women MOKATE 2020"]
[Site "Ostrow Wielkopolski"]
[Date "2020.08.12"]
[Round "9.3"]
[White "Waszczuk, Patrycja"]
[Black "Sliwicka, Alicja"]
[Result "0-1"]
[WhiteElo "2321"]
[BlackElo "2317"]
[Annotator "ChessBase"]
[PlyCount "158"]
[EventDate "2020.08.04"]
[EventType "tourn"]
[EventCountry "POL"]
[SourceTitle "playchess.com"]
[Source "ChessBase"]
[SourceQuality "1"]
[TimeControl "40/5400+30:1800+30"]

1. g3 {[%emt 0:00:00]} g6 {[%emt 0:00:00]} 2. Bg2 {[%emt 0:00:00]} Bg7 {[%emt 0:00:00]} 3. e4 {[%emt 0:01:57]} c5 {[%emt 0:04:20]} 4. Ne2 {[%emt 0:00:24]} Nc6 {[%emt 0:00:27]} 5. Nbc3 {[%emt 0:02:10]} d6 {[%emt 0:02:06]} 6. d3 {[%emt 0:00:28]} a6 {[%emt 0:04:08]} 7. Be3 {[%emt 0:03:52]} Nd4 {[%emt 0:01:37]} 8. O-O {[%emt 0:04:38]} Rb8 {[%emt 0:02:14]} 9. f4 {[%emt 0:05:31]} b5 {[%emt 0:00:28]} 10. Bxd4 {[%emt 0:03:24]} cxd4 {[%emt 0:00:18]} 11. Nb1 {[%emt 0:00:25]} e6 {[%emt 0:02:19]} 12. Nd2 {[%emt 0:02:50]} Ne7 {[%emt 0:00:22]} 13. Nf3 {[%emt 0:00:51]} Qb6 {[%emt 0:00:32]} 14. Qe1 {[%emt 0:02:16]} O-O {[%emt 0:02:29]} 15. Qf2 {[%emt 0:00:38]} e5 {[%emt 0:01:47]} 16. c3 {[%emt 0:02:55]} dxc3 {[%emt 0:02:39]} 17. Qxb6 {[%emt 0:01:08]} Rxb6 {[%emt 0:00:04]} 18. bxc3 {[%emt 0:01:30]} f5 {[%emt 0:01:02]} 19. a4 {[%emt 0:07:07]} fxe4 {[%emt 0:01:45]} 20. dxe4 {[%emt 0:00:20]} Be6 {[%emt 0:00:45]} 21. axb5 {[%emt 0:02:07]} Bc4 {[%emt 0:01:16]} 22. Rf2 {[%emt 0:01:59]} axb5 {[%emt 0:01:30]} 23. fxe5 {[%emt 0:01:28]} dxe5 {[%emt 0:00:32]} 24. Nd2 {[%emt 0:06:59]} Be6 {[%emt 0:00:33]} 25. Rxf8+ {[%emt 0:01:12]} Bxf8 {[%emt 0:00:07]} 26. Nf3 {[%emt 0:01:49]} Nc6 {[%emt 0:00:23]} 27. Ra8 {[%emt 0:00:44]} Kg7 {[%emt 0:00:41]} 28. Kf2 {[%emt 0:01:16]} Bc5+ {[%emt 0:00:39]} 29. Ke1 {[%emt 0:00:15]} h6 {[%emt 0:00:17]} 30. Nc1 {[%emt 0:08:07]} b4 {[%emt 0:00:08]} 31. cxb4 {[%emt 0:01:47]} Bxb4+ {[%emt 0:00:07]} 32. Kd1 {[%emt 0:01:51]} g5 {[%emt 0:23:35]} 33. Bf1 {[%emt 0:07:26]} Bd6 {[%emt 0:01:55]} 34. Ra6 {[%emt 0:01:34]} Rxa6 35. Bxa6 {[%emt 0:00:02]} g4 {[%emt 0:04:56]} 36. Nd2 {[%emt 0:01:56]} Bc5 {[%emt 0:00:46]} 37. Ke1 {[%emt 0:07:22]} Nb4 {[%emt 0:01:35]} 38. Bc4 {[%emt 0:01:04]} Nc2+ {[%emt 0:00:34]} 39. Ke2 {[%emt 0:00:52]} Nd4+ {[%emt 0:01:40]} 40. Kd3 {[%emt 0:00:00]} Bxc4+ {[%emt 0:00:00]} 41. Kxc4 {[%emt 0:03:39]} Ba7 {[%emt 0:09:04]} 42. Kd3 {[%emt 0:09:16]} Kf6 {[%emt 0:00:37]} 43. Nf1 {[%emt 0:02:15]} Nf3 {[%emt 0:00:11]} 44. Ne2 {[%emt 0:03:06]} h5 {[%emt 0:00:16]} 45. Kc4 {[%emt 0:01:00]} Ke6 {[%emt 0:04:16]} 46. Kd3 {[%emt 0:00:45]} Kd6 {[%emt 0:01:02]} 47. Kc4 {[%emt 0:01:40]} Kc6 {[%emt 0:00:05]} 48. Kb4 {[%emt 0:01:24]} Ng5 {[%emt 0:01:08]} 49. Nd2 {[%emt 0:00:49]} Bc5+ {[%emt 0:00:50]} 50. Kc4 {[%emt 0:00:58]} Be3 {[%emt 0:02:07]} 51. Nf1 {[%emt 0:00:52]} Bf2 {[%emt 0:00:04]} 52. Kd3 {[%emt 0:00:51]} Kc5 {[%emt 0:02:29]} 53. Nc1 {[%emt 0:02:30]} Nf3 {[%emt 0:04:25]} 54. Ne2 {[%emt 0:05:53]} Ne1+ {[%emt 0:04:07]} 55. Kc3 {[%emt 0:01:39]} Bd4+ {[%emt 0:10:29]} 56. Kd2 {[%emt 0:02:12]} Nf3+ {[%emt 0:00:55]} 57. Kd3 {[%emt 0:00:10]} Bf2 {[%emt 0:02:52]} 58. Kc3 {[%emt 0:01:41]} Be1+ {[%emt 0:00:59]} 59. Kd3 {[%emt 0:00:19]} Ba5 {[%emt 0:00:50]} 60. Nc1 {[%emt 0:02:41]} Kb5 {[%emt 0:03:05]} 61. Ne2 {[%emt 0:05:44]} Ne1+ {[%emt 0:00:28]} 62. Ke3 {[%emt 0:00:01]} Kc4 {[%emt 0:00:59]} 63. Nc1 {[%emt 0:02:37]} Nf3 {[%emt 0:02:02]} 64. Ke2 {[%emt 0:02:57]} Bb6 {[%emt 0:00:53]} 65. Nd3 {[%emt 0:02:21]} Kd4 {[%emt 0:02:46]} 66. Nf2 {[%emt 0:00:50]} Ng1+ {[%emt 0:02:11]} 67. Kd2 {[%emt 0:01:21]} Ba5+ {[%emt 0:00:09]} 68. Kd1 {[%emt 0:00:29]} Nf3 {[%emt 0:00:19]} 69. Ke2 {[%emt 0:01:01]} Ng1+ {[%emt 0:03:02]} 70. Kd1 {[%emt 0:00:06]} Bb4 {[%emt 0:00:28]} 71. h3 {[%emt 0:01:21]} Nxh3 {[%emt 0:03:00]} 72. Nxh3 {[%emt 0:00:15]} gxh3 {[%emt 0:00:05]} 73. Ke2 {[%emt 0:00:13]} Kxe4 {[%emt 0:00:35]} 74. Nh2 {[%emt 0:00:03]} Bc5 {[%emt 0:00:55]} 75. Nf3 {[%emt 0:00:35]} Kf5 {[%emt 0:01:03]} 76. Nh2 {[%emt 0:00:45]} Bg1 {[%emt 0:00:26]} 77. Nf3 {[%emt 0:00:03]} h2 {[%emt 0:00:24]} 78. Nxh2 {[%emt 0:00:19]} Bxh2 {[%emt 0:00:04]} 79. Kf3 {[%emt 0:00:03]} Bg1 {[%emt 0:00:19]} 0-1

[Event "POL-ch Women MOKATE 2020"]
[Site "Ostrow Wielkopolski"]
[Date "2020.08.12"]
[Round "9.4"]
[White "Majdan, Joanna"]
[Black "Antolak, Julia"]
[Result "1/2-1/2"]
[WhiteElo "2325"]
[BlackElo "2323"]
[Annotator "TA"]
[PlyCount "50"]
[EventDate "2020.08.04"]
[EventType "tourn"]
[EventCountry "POL"]
[SourceTitle "playchess.com"]
[Source "ChessBase"]
[SourceQuality "1"]

{[%evp 10,50,15,22,12,15,11,0,0,0,0,0,0,0,0,0,0,0,0,4,4,4,156,164,150,18,13,17,18,10,15,0,0,0,0,0,0,0,0,0,0,0,0]} 1. e4 c5 2. c3 d5 3. exd5 Qxd5 4. d4 Nc6 5. Nf3 Bf5 6. Be3 cxd4 {B22: Sicilian: 2 c3.} 7. Nxd4 Nf6 8. Na3 {And now Nab5 would win.} Nxd4 9. Qxd4 Qxd4 10. Bxd4 e5 $1 11. Bxe5 {Nb5 is the strong threat.} Bxa3 $1 12. bxa3 O-O-O $1 {[#] aiming for ...Rhe8.} 13. Bd4 Rhe8+ 14. Kd2 Ne4+ 15. Kc1 {[#]} Rxd4 $146 ({Better is} 15... a6 $11) ({Predecessor:} 15... Re6 16. Bd3 Nd6 17. Kd2 Bxd3 18. Kxd3 Ne4 19. Kc2 Nxf2 20. Rhe1 Ne4 21. Re2 g6 22. Bxa7 {0-1 (41) Milliet,S (2421)-Ju,W (2498) Cap d'Agde 2012}) 16. cxd4 $16 Nxf2 17. Rg1 (17. Bb5 $16 Bd7 18. Rf1 Bxb5 19. Rxf2) 17... Re1+ $11 {The position is equal.} 18. Kb2 Nd1+ 19. Kb3 a5 {Hoping for ...b5!} 20. g4 Be6+ 21. Kc2 Ne3+ {[%mdl 64] [#] Double Attack, Discovered Attack} 22. Kb2 Nd1+ 23. Kc2 Ne3+ {[%mdl 64] Double Attack, Discovered Attack} 24. Kb2 Nd1+ 25. Kc2 Ne3+ {[%mdl 64] Double Attack, Discovered Attack. Accuracy: White = 80%, Black = 87%.} 1/2-1/2

[Event "POL-ch Women MOKATE 2020"]
[Site "Ostrow Wielkopolski"]
[Date "2020.08.12"]
[Round "9.5"]
[White "Socko, Monika"]
[Black "Kulon, Klaudia"]
[Result "1/2-1/2"]
[WhiteElo "2428"]
[BlackElo "2336"]
[Annotator "ChessBase"]
[PlyCount "96"]
[EventDate "2020.08.04"]
[EventType "tourn"]
[EventCountry "POL"]
[SourceTitle "playchess.com"]
[Source "ChessBase"]
[SourceQuality "1"]
[TimeControl "40/5400+30:1800+30"]

1. d4 {[%emt 0:00:00]} Nf6 {[%emt 0:00:00]} 2. c4 {[%emt 0:00:00]} Nc6 {[%emt 0:00:00]} 3. Nf3 {[%emt 0:00:18]} e6 {[%emt 0:00:00]} 4. a3 {[%emt 0:00:04]} d6 {[%emt 0:00:18]} 5. Nc3 {[%emt 0:00:34]} g6 {[%emt 0:00:21]} 6. e4 {[%emt 0:01:08]} Bg7 {[%emt 0:00:06]} 7. Be2 {[%emt 0:00:43]} O-O {[%emt 0:00:25]} 8. O-O {[%emt 0:00:34]} Re8 {[%emt 0:00:30]} 9. Be3 {[%emt 0:08:14]} e5 {[%emt 0:01:04]} 10. dxe5 {[%emt 0:10:51]} dxe5 {[%emt 0:01:04]} 11. Qxd8 {[%emt 0:01:32]} Nxd8 {[%emt 0:01:02]} 12. h3 {[%emt 0:12:10]} Ne6 {[%emt 0:04:11]} 13. Rfd1 {[%emt 0:06:31]} c5 {[%emt 0:12:21]} 14. Bd3 {[%emt 0:06:04]} Nd4 {[%emt 0:05:48]} 15. Bxd4 {[%emt 0:03:50]} cxd4 {[%emt 0:00:06]} 16. Nb5 {[%emt 0:01:10]} Re7 {[%emt 0:02:11]} 17. c5 {[%emt 0:00:42]} Ne8 {[%emt 0:01:31]} 18. Rac1 {[%emt 0:01:14]} Be6 {[%emt 0:04:34]} 19. Bc4 {[%emt 0:05:39]} Bxc4 {[%emt 0:12:04]} 20. Rxc4 {[%emt 0:01:18]} a6 {[%emt 0:00:22]} 21. Nd6 {[%emt 0:00:05]} Nxd6 {[%emt 0:00:27]} 22. cxd6 {[%emt 0:00:05]} Rd7 {[%emt 0:00:05]} 23. Rc7 {[%emt 0:05:26]} Rxc7 {[%emt 0:02:57]} 24. dxc7 {[%emt 0:00:02]} Rc8 {[%emt 0:00:06]} 25. Rc1 {[%emt 0:00:38]} f6 {[%emt 0:00:11]} 26. g4 {[%emt 0:02:50]} h6 {[%emt 0:03:48]} 27. Nd2 {[%emt 0:03:35]} Kf8 {[%emt 0:04:59]} 28. Nb3 {[%emt 0:03:06]} Ke7 {[%emt 0:13:25]} 29. Na5 {[%emt 0:01:36]} d3 {[%emt 0:07:35]} 30. Rd1 {[%emt 0:05:51]} Rxc7 {[%emt 0:00:40]} 31. Rxd3 {[%emt 0:00:05]} b6 {[%emt 0:00:18]} 32. Nb3 {[%emt 0:00:04]} h5 {[%emt 0:01:07]} 33. gxh5 {[%emt 0:03:18]} gxh5 {[%emt 0:00:07]} 34. Nd2 {[%emt 0:00:42]} Bh6 {[%emt 0:01:07]} 35. Nf3 {[%emt 0:04:21]} f5 {[%emt 0:01:43]} 36. Rd5 {[%emt 0:02:50]} Rc5 {[%emt 0:01:40]} 37. Rxc5 {[%emt 0:09:47]} bxc5 {[%emt 0:00:21]} 38. Nh4 {[%emt 0:00:03]} Bc1 {[%emt 0:03:12]} 39. Nxf5+ {[%emt 0:00:03]} Kf6 {[%emt 0:02:53]} 40. b3 {[%emt 0:00:00]} Bxa3 {[%emt 0:00:00]} 41. h4 {[%emt 0:04:04]} c4 {[%emt 0:09:57]} 42. bxc4 {[%emt 0:00:04]} Bc5 {[%emt 0:00:03]} 43. Kf1 {[%emt 0:01:22]} a5 {[%emt 0:00:06]} 44. Ke2 {[%emt 0:00:34]} a4 {[%emt 0:00:09]} 45. Kd3 {[%emt 0:00:11]} Bxf2 {[%emt 0:00:18]} 46. Kc3 {[%emt 0:00:10]} Bc5 {[%emt 0:00:05]} 47. Ng3 {[%emt 0:01:15]} Kg6 {[%emt 0:00:07]} 48. Nf5 {[%emt 0:00:09]} Kf6 {[%emt 0:00:04]} 1/2-1/2

[Event "POL-ch Women MOKATE 2020"]
[Site "Ostrow Wielkopolski"]
[Date "2020.08.12"]
[Round "10"]
[White "Kulon, Klaudia"]
[Black "Cyfka, Karina"]
[Result "0-1"]
[WhiteElo "2336"]
[BlackElo "2411"]
[Annotator "ChessBase"]
[PlyCount "134"]
[EventDate "2020.08.04"]
[EventType "tourn"]
[EventCountry "POL"]
[SourceTitle "playchess.com"]
[Source "ChessBase"]
[SourceQuality "1"]
[TimeControl "40/5400+30:1800+30"]

1. d4 {[%emt 1:15:11]} Nf6 {[%emt 1:15:12]} 2. Bg5 {[%emt 0:00:22]} d5 {[%emt 0:00:33]} 3. Bxf6 {[%emt 0:00:23]} exf6 {[%emt 0:00:25]} 4. e3 {[%emt 0:00:25]} c5 {[%emt 0:00:26]} 5. dxc5 {[%emt 0:00:52]} Bxc5 {[%emt 0:00:33]} 6. Nf3 {[%emt 0:00:35]} O-O {[%emt 0:00:36]} 7. c3 {[%emt 0:00:49]} Nc6 {[%emt 0:01:46]} 8. Be2 {[%emt 0:00:28]} Be6 {[%emt 0:00:48]} 9. O-O {[%emt 0:00:37]} Qc7 {[%emt 0:00:57]} 10. Nbd2 {[%emt 0:00:42]} Rad8 {[%emt 0:00:51]} 11. h3 {[%emt 0:01:28]} Rfe8 {[%emt 0:00:51]} 12. a4 {[%emt 0:01:52]} a6 {[%emt 0:00:44]} 13. Rc1 {[%emt 0:01:02]} Ba7 {[%emt 0:00:34]} 14. b4 {[%emt 0:01:10]} Bb8 {[%emt 0:02:08]} 15. Qc2 {[%emt 0:01:20]} Ne5 {[%emt 0:01:09]} 16. Rfd1 {[%emt 0:00:45]} Nc4 {[%emt 0:02:23]} 17. Nb3 {[%emt 0:01:29]} g6 {[%emt 0:03:11]} 18. Nbd4 {[%emt 0:00:28]} Bd7 {[%emt 0:00:50]} 19. a5 {[%emt 0:01:07]} f5 {[%emt 0:00:39]} 20. Bxc4 {[%emt 0:02:16]} dxc4 {[%emt 0:00:35]} 21. g3 {[%emt 0:00:25]} Ba7 {[%emt 0:02:17]} 22. h4 {[%emt 0:00:27]} Re4 {[%emt 0:00:46]} 23. Rd2 {[%emt 0:01:14]} Ree8 {[%emt 0:00:43]} 24. Rcd1 {[%emt 0:00:21]} Kg7 {[%emt 0:00:54]} 25. Qa2 {[%emt 0:01:19]} h5 {[%emt 0:00:29]} 26. Ne2 {[%emt 0:00:51]} Bb5 {[%emt 0:01:19]} 27. Nf4 {[%emt 0:00:45]} Rxd2 {[%emt 0:00:37]} 28. Qxd2 {[%emt 0:00:49]} Bc6 {[%emt 0:00:45]} 29. Ng5 {[%emt 0:00:36]} Qe5 {[%emt 0:00:53]} 30. Qd6 {[%emt 0:02:50]} Bb8 {[%emt 0:00:38]} 31. Qd4 {[%emt 0:00:47]} Qxd4 {[%emt 0:00:42]} 32. Rxd4 {[%emt 0:00:43]} Bb5 {[%emt 0:00:29]} 33. Nf3 {[%emt 0:00:30]} Ba7 {[%emt 0:00:27]} 34. Rd1 {[%emt 0:00:38]} Bc6 {[%emt 0:00:25]} 35. Nd4 {[%emt 0:00:53]} Be4 {[%emt 0:00:32]} 36. Rd2 {[%emt 0:00:41]} Kf6 {[%emt 0:00:33]} 37. Kf1 {[%emt 0:00:35]} Rd8 {[%emt 0:00:29]} 38. Ke1 {[%emt 0:00:22]} Bxd4 {[%emt 0:00:29]} 39. Rxd4 {[%emt 0:00:28]} Rxd4 {[%emt 0:00:26]} 40. exd4 {[%emt 0:00:35]} Ke7 {[%emt 0:00:33]} 41. Kd2 {[%emt 0:30:28]} Kd6 {[%emt 0:30:24]} 42. Ke3 {[%emt 0:00:20]} Bc6 {[%emt 0:00:36]} 43. Nh3 {[%emt 0:00:30]} Bg2 {[%emt 0:00:36]} 44. Ng1 {[%emt 0:00:46]} Bc6 {[%emt 0:00:23]} 45. Kf4 {[%emt 0:00:25]} Ba4 {[%emt 0:00:34]} 46. Nf3 {[%emt 0:00:27]} Bc6 {[%emt 0:00:33]} 47. Ne5 {[%emt 0:00:27]} Bd5 {[%emt 0:00:21]} 48. Kg5 {[%emt 0:00:50]} Ke6 {[%emt 0:00:29]} 49. Kh6 {[%emt 0:00:21]} Kf6 {[%emt 0:00:40]} 50. Kh7 {[%emt 0:00:27]} f4 {[%emt 0:00:28]} 51. Kh6 {[%emt 0:00:22]} fxg3 {[%emt 0:00:27]} 52. fxg3 {[%emt 0:00:21]} Be6 {[%emt 0:00:32]} 53. Kh7 {[%emt 0:00:46]} Bd5 {[%emt 0:00:24]} 54. Kg8 {[%emt 0:00:24]} Kf5 {[%emt 0:00:28]} 55. Kg7 {[%emt 0:00:28]} Ke4 {[%emt 0:00:21]} 56. Kf6 {[%emt 0:00:31]} Ke3 {[%emt 0:00:23]} 57. Nxf7 {[%emt 0:00:40]} Kd3 {[%emt 0:00:31]} 58. Nh8 {[%emt 0:00:30]} Kxc3 {[%emt 0:00:26]} 59. Ke5 {[%emt 0:00:20]} Kxb4 {[%emt 0:00:36]} 60. Kxd5 {[%emt 0:00:52]} c3 {[%emt 0:00:22]} 61. Nxg6 {[%emt 0:00:21]} c2 {[%emt 0:00:32]} 62. Ne5 {[%emt 0:00:23]} Kc3 {[%emt 0:00:27]} 63. Ke6 {[%emt 0:00:30]} c1=Q {[%emt 0:00:23]} 64. d5 {[%emt 0:00:24]} Qh6+ {[%emt 0:00:33]} 65. Ke7 {[%emt 0:00:27]} Kd4 {[%emt 0:00:34]} 66. Nf7 {[%emt 0:00:28]} Qe3+ {[%emt 0:00:29]} 67. Kf6 {[%emt 0:00:41]} Kxd5 {[%emt 0:00:25]} 0-1